La integración de contenidos en ciencias sociales según la Ley Federal de Educación de Argentina : análisis de la revista Zona Educativa.

محفوظ في:
التفاصيل البيبلوغرافية
المؤلف الرئيسي: Pozzo, María Isabel (autor)
التنسيق: غير معروف
اللغة:الإسبانية
الموضوعات:
الوصول للمادة أونلاين:Ver documento en línea
الوسوم: إضافة وسم
لا توجد وسوم, كن أول من يضع وسما على هذه التسجيلة!

MARC

LEADER 00000c**#a2200000ua#4500
001 000518242
003 DLC
005 20260415000000.0
008 070831c^^^^9999^^^^r1^^^^^^^^0^^^^0spa^d
009 20260415134606.119
022 |a 01851284 
035 |a FCE 000062473 
037 |a Acervo ITESO - Biblioteca 
041 |a spa 
095 |a RLEE  |b 10-3-4-143. 
100 |a Pozzo, María Isabel  |e (autor) 
245 1 3 |a La integración de contenidos en ciencias sociales según la Ley Federal de Educación de Argentina :  |b análisis de la revista Zona Educativa. 
264 |a México :  |b Centro de Estudios Educativos,  |c 2010. 
336 |a texto  |b txt  |2 rdacontenido 
337 |a sin mediación  |b n  |2 rdamedio 
338 |a volumen  |b nc  |2 rdasoporte 
649 |a XX 
650 |a Ciencias sociales 
650 |a Educación básica 
650 |a Propuesta educativa 
650 |a Contenido educativo 
650 |a Argentina 
740 |g vol. 40., no. 3-4, 2010, pp. 143-168  |t Revista Latinoamericana de Estudios Educativos. Para la Construcción del Saber, 
856 4 0 |u https://www.cee.edu.mx/rlee/revista/r2001_2010/r_texto/t_2010_3-4_06.pdf  |y Ver documento en línea 
910 |a Fondo Centro de Estudios Educativos 
920 |a Impresos - Libros 
930 |a Fondos Especiales 
905 |a 133 
902 |a https://opac.biblio.iteso.mx/vufind/Record/000518242